| 000 | 00917nam a2200241Ii 4500 | ||
|---|---|---|---|
| 003 | JO-AjNU | ||
| 008 | 230605s9999||||xx |||||||||||||| ||und|| | ||
| 017 | _a2883 | ||
| 020 | _a978-977-308-659-6 | ||
| 040 |
_aJO-AjNU _bara _erda _cJO-AjNU |
||
| 041 | _aara | ||
| 050 | 1 | 4 | _aDS35.63.2020 |
| 100 | 3 |
_aاعداد علي، عصام محمد فكري؛ اعداد ابراهيم جابر السيد, _eauthor _961858 |
|
| 245 | 0 | 0 | _aتاريخ العالم الاسلامي |
| 250 | _aالطبعة الاولى | ||
| 264 | 3 | 1 | _aدسوق: دار العلم والايمان للنشر والتوزيع 2020 |
| 300 |
_a396ص _b ويحتوي على قائمة مراجع وهوامش من ص383-ص396 |
||
| 336 |
_atext _btxt _2rdacontent |
||
| 337 |
_aunmediated _bn _2rdamedia |
||
| 338 |
_avolume _bnc _2rdacarrier |
||
| 490 | 0 | _aسلسلة كنوز الحضارة | |
| 650 | 4 |
_aالحضارة-تاريخ _961859 |
|
| 999 |
_aA27982 _c31550 _d31550 |
||